| 000 | 00777nam a22002657a 4500 | ||
|---|---|---|---|
| 001 | 0047632 | ||
| 003 | KOHA_MİRAKIL | ||
| 005 | 20260207003553.0 | ||
| 007 | ta | ||
| 008 | 150316b2005 tu |||gr||||#0|||1|tur | | ||
| 040 |
_aTR-BiSEU _btur _cTR-BiSEU _erda |
||
| 041 | 0 | _atur | |
| 044 | _ctu | ||
| 050 |
_aPE1128 _b.P76 2005 |
||
| 245 | 0 | _aProficiency in English. | |
| 264 | 1 |
_aAnkara : _bBaşkent University English language Department _c2005 |
|
| 300 |
_a79 sayfa ; _c28 cm. |
||
| 336 |
_ametin _btxt _2rdacontent |
||
| 337 |
_aaracısız _bn _2rdamedia |
||
| 338 |
_acilt _bnc _2rdacarrier |
||
| 650 | 0 |
_aEnglish language--Textbooks for foreign speakers. _95137 |
|
| 650 | 0 |
_aİngiliz dili--Yabancılar için ders kitapları. _929532 |
|
| 907 | _aDil | ||
| 942 |
_2lcc _cBK |
||
| 999 |
_c47476 _d47476 |
||